An encouraging start (Record no. 84665)
[ view plain ]
| 000 -LEADER | |
|---|---|
| fixed length control field | 01075cab a22002055a 4500 |
| 001 - CONTROL NUMBER | |
| control field | L158719 |
| 008 - FIXED-LENGTH DATA ELEMENTS--GENERAL INFORMATION | |
| fixed length control field | 150701e20150627xxk 000 0 eng d |
| 035 ## - SYSTEM CONTROL NUMBER | |
| System control number | (Sirsi) u158719 |
| 041 0# - LANGUAGE CODE | |
| Language code of text/sound track or separate title | eng |
| 100 1# - MAIN ENTRY--PERSONAL NAME | |
| Personal name | Edwards, Martin |
| 245 03 - TITLE STATEMENT | |
| Title | An encouraging start |
| 260 ## - PUBLICATION, DISTRIBUTION, ETC. | |
| Date of publication, distribution, etc. | 2015 |
| 490 ## - SERIES STATEMENT | |
| Series statement | Estates Gazette |
| Volume/sequential designation | (1525) 27 June 2015, 110-111(2) |
| 520 ## - SUMMARY, ETC. | |
| Summary, etc. | Has the specialist planning court lived up to expectations now it is just over one year old? Notes that a recent study has shown that until Feb 2015, 109 planning cases were heard at the court with the average time for a case being down compared with 2011 although it was noted that a small number of cases took a substantial amount of time. Concludes that the first year of the Court has been a success but further changes to the Criminal Justice and Court Act 2015 could lead to the court considering the planning merits of a development which could lead to delays in other areas. |
| 590 ## - LOCAL NOTE (RLIN) | |
| Local note | KA |
| 651 #4 - SUBJECT ADDED ENTRY--GEOGRAPHIC NAME | |
| Geographic name | United Kingdom |
| 690 ## - LOCAL SUBJECT ADDED ENTRY--TOPICAL TERM (OCLC, RLIN) | |
| Topical term or geographic name as entry element | Planning and development |
| 9 (RLIN) | 6259 |
| 700 1# - ADDED ENTRY--PERSONAL NAME | |
| Personal name | Parry, C. |
| 942 ## - ADDED ENTRY ELEMENTS (KOHA) | |
| Suppress in OPAC | 0 |
| Withdrawn status | Lost status | Source of classification or shelving scheme | Damaged status | Not for loan | Home library | Current library | Shelving location | Date acquired | Total Checkouts | Full call number | Barcode | Date last seen | Copy number | Price effective from | Koha item type |
|---|---|---|---|---|---|---|---|---|---|---|---|---|---|---|---|
| Dewey Decimal Classification | London | London | Journal article | 01/07/2015 | L158719 | 158719-1001 | 06/08/2019 | 1 | 06/08/2019 | Journal article |